Revitalizácia Adamovských jazier v katastrálnom území mesta Gbely

Guardado en:
Detalles Bibliográficos
Autor principal: Kutnár, Dávid (Autor)
Otros Autores: Majorošová, Martina (Orientador)
Formato: Manuscrito Libro
Lenguaje:eslovaco
Publicado: 2024
Materias:
Acceso en línea:http://is.stuba.sk/zp/portal_zp.pl?podrobnosti=177927
https://opac.crzp.sk/?fn=detailBiblioForm&sid=9A7D98113A4E7D6F02A772A0EB46
Etiquetas: Agregar Etiqueta
Sin Etiquetas, Sea el primero en etiquetar este registro!

MARC

LEADER 00000ntm a22000003a 4500
001 stuzp98855
003 SK-STU
005 20240924140335.2
007 ta
008 150427s2015----xo-----f-mn---000-0-slo-d
040 |a STU  |b slo 
041 0 |a slo 
100 1 |a Kutnár, Dávid  |u 010160  |4 aut  |U SvF Stavebná fakulta  |T SvF Katedra vodného hospodárstva krajiny  |X 103849  |U V160  |Y 16  |7 103849 
242 0 1 |a Revitalization of "Adamovské jazerá" in the cadastral territory of the city of Gbely  |y eng 
245 1 0 |a Revitalizácia Adamovských jazier v katastrálnom území mesta Gbely 
260 |c 2024 
650 4 |a Revitalizácia  |2 slo 
650 4 |a Adamovské jazerá  |2 slo 
650 4 |a Štrkoviská  |2 slo 
650 4 |a Gravel pit  |2 eng 
650 4 |a Revitalisation  |2 eng 
650 4 |a Adamovské jazerá  |2 eng 
700 1 |a Majorošová, Martina  |u 010160  |k Z1  |4 ths  |U SvF Stavebná fakulta  |T SvF Katedra vodného hospodárstva krajiny  |X 68887  |U V160  |Y 16  |7 A000068887 
856 4 |u http://is.stuba.sk/zp/portal_zp.pl?podrobnosti=177927 
856 4 |u https://opac.crzp.sk/?fn=detailBiblioForm&sid=9A7D98113A4E7D6F02A772A0EB46